Secrets of the eBay Millionaires : Inside Success Stories -- and Proven Money-Making Tips -- from eBay’s Greatest Sellers : (Record no. 619979)

MARC details
000 -LEADER
fixed length control field 00562nam a2200181 a 4500
008 - FIXED-LENGTH DATA ELEMENTS--GENERAL INFORMATION
fixed length control field 260427s2005##################000#0#eng##
020 ## - INTERNATIONAL STANDARD BOOK NUMBER
ISBN 9780072262520
082 04 - DEWEY DECIMAL CLASSIFICATION NUMBER
Classification number 381.177
Item number HOL
100 1# - MAIN ENTRY--AUTHOR NAME
Personal name Holden, Greg,
245 10 - TITLE STATEMENT
Title Secrets of the eBay Millionaires : Inside Success Stories -- and Proven Money-Making Tips -- from eBay’s Greatest Sellers :
260 ## - PUBLICATION, DISTRIBUTION, ETC. (IMPRINT)
Name of publisher Mcgraw-hill,
Year of publication 2005.
650 #0 - SUBJECT ADDED ENTRY--TOPICAL TERM
Topical Term Reference.
942 ## - ADDED ENTRY ELEMENTS (KOHA)
Koha item type English Books
Holdings
Withdrawn status Lost status Damaged status Not for loan Home library Current library Date acquired Full call number Accession Number Price effective from Koha item type
        Anna Centenary Library Anna Centenary Library 27.04.2026 381.177 HOL 408260 27.04.2026 English Books

Find us on the map